Music Quiz

Random Music or Song Quiz

Artists' Longest Song Titles Quiz Stats

 Plays Quiz not verified by Sporcle

Challenge
Share
Tweet
Embed
Score 0/12 Timer 03:00
0 Plays Today
Artist Song % Correct
The BeatlesEverybody's Got Something to Hide Except Me and My Monkey
71.4%
RadioheadPackt Like Sardines in a Crushd Tin Box
28.6%
Death Cab for CutieI Will Follow You Into the Dark
14.3%
NirvanaFrances Farmer will Have Her Revenge on Seattle
14.3%
Pink FloydSeveral Species of Small Furry Animals Gathered Together in a Cave and Grooving with a Pict
14.3%
Talking HeadsThe Girls Want to Be With The Girls
0%
AbbaI Do I Do I Do I Do I Do
0%
The RamonesEverytime I Eat Vegetables it Makes me Think of You
0%
The MonkeesLong Title: Do I Have to Do This All Over Again?
0%
The Rolling StonesHave You Seen Your Mother, Baby, Standing in the Shadow?
0%
Paul SimonRene and Georgette Magritte with their Dog After the War
0%
Bob DylanIt Takes a Lot to Laugh, It Takes a Train to Cry
0%

You're not logged in!

Compare scores with friends on all Sporcle quizzes.
OR
Log In

You Might Also Like...

Show Comments

Extras

Created Jun 9, 2011ReportNominate
Tags:Song Quiz

Top Quizzes Today


Score Distribution

Your Account Isn't Verified!

In order to create a playlist on Sporcle, you need to verify the email address you used during registration. Go to your Sporcle Settings to finish the process.

Report this User

Report this user for behavior that violates our Community Guidelines.

Details: